| 000 | 00692nam a22002297a 4500 | ||
|---|---|---|---|
| 003 | 0 | ||
| 005 | 20250326100617.0 | ||
| 008 | 250325b xxu||||| |||| 00| 0 eng d | ||
| 022 | _29781265042615 | ||
| 050 |
_aHF 5655 _b.C57 2023 |
||
| 100 | _aChristensen, Theodore E. | ||
| 245 |
_aAdvanced financial accounting _cTheodore E. Christense and two others |
||
| 250 | _aThirteenth edition | ||
| 260 |
_aNew York _bMcGrwa-Hill _c2023 |
||
| 300 |
_axxx, 1090 pages ; _c28cm. |
||
| 500 | _aInternational Student Edition (ISE) | ||
| 504 | _aIncludes index. | ||
| 650 | _aFinancial Accounting--Advanced. | ||
| 700 | _aCottrell, David M. | ||
| 700 | _aBudd, Cassy | ||
| 942 |
_2lcc _cBK |
||
| 999 |
_c367340 _d367340 |
||